De la existencia de grandes mamíferos fósiles en la isla de Cuba : (Record no. 53681)

MARC details
000 -LEADER
campo de control de longitud fija 00976nam a2200217 i 4500
001 - NÚMERO DE CONTROL
campo de control 53681
003 - IDENTIFICADOR DE NÚMERO DE CONTROL
campo de control ES-MaACL
005 - FECHA Y HORA DE LA ÚLTIMA TRANSACCIÓN
campo de control 20250904063048.0
007 - CAMPO FIJO DE DESCRIPCIÓN FÍSICA--INFORMACIÓN GENERAL
campo de control de longitud fija t|
008 - DATOS DE LONGITUD FIJA--INFORMACIÓN GENERAL
campo de control de longitud fija 960704s1865 cu ||||1| spa d
100 1# - ENTRADA PRINCIPAL--NOMBRE DE PERSONA
Nombre de persona Fernández de Castro, Manuel,
Fechas asociadas al nombre 1825-1895
9 (RLIN) 49645
245 10 - MENCIÓN DEL TÍTULO
Título De la existencia de grandes mamíferos fósiles en la isla de Cuba :
Resto del título memoria leída en la Academia de Ciencias Médicas, Físicas y Naturales de La Habana en la sesión del día 10 de julio de 1864 /
Mención de responsabilidad, etc. por D. Manuel Fernández de Castro.
260 ## - PUBLICACIÓN, DISTRIBUCIÓN, ETC.
Lugar de publicación, distribución, etc. Habana :
Nombre del editor, distribuidor, etc. Imp. y Librería "El Iris",
Fecha de publicación, distribución, etc. 1865.
300 ## - DESCRIPCIÓN FÍSICA
Extensión 31 p., 1 h. de lám. ;
Dimensiones 24 cm.
530 ## - NOTA DISPONIBLE DE FORMULARIO FÍSICO ADICIONAL
Nota de formato físico adicional disponible Disponible en formato digital.
650 #4 - PUNTO DE ACCESO ADICIONAL DE MATERIA--TÉRMINO DE MATERIA
Término de materia o nombre geográfico como elemento de entrada Fósiles-
Subdivisión geográfica Cuba.
9 (RLIN) 12941
710 2# - ENTRADA AGREGADA--NOMBRE DE ENTIDAD CORPORATIVA
Nombre de entidad corporativa o nombre de jurisdicción como elemento de entrada Real Academia de Ciencias Médicas, Físicas y Naturales de La Habana.
9 (RLIN) 134781
852 4# - LOCALIZACIÓN
Ubicación ES-MaACL
Número de control de estantería B-7999
856 4# - LOCALIZACIÓN Y ACCESO ELECTRÓNICOS
Identificador Uniforme de Recursos <a href="http://bdh-rd.bne.es/viewer.vm?id=0000103607&page=1 ">http://bdh-rd.bne.es/viewer.vm?id=0000103607&page=1 </a>
Nota pública Biblioteca Digital Hispánica
Holdings
Estatus retirado Estado de pérdida Estado de daño No para préstamo Colección Biblioteca de origen Biblioteca actual Ubicación en estantería Fecha de adquisición Fuente de adquisición Total de préstamos Signatura topográfica completa Código de barras Visto por última vez Precio de reemplazo Tipo de ítem Koha
        Colección digital Biblioteca del Ateneo de Madrid Biblioteca del Ateneo de Madrid Sala Pardo Bazán 17/01/2008     B-7999 1056407 23/02/2023 23/02/2023 Libro impreso antiguo